| 000 | 00826nab a2200241 4500 | ||
|---|---|---|---|
| 003 | BR-BrBNA | ||
| 005 | 20240814161032.0 | ||
| 008 | 240722b bl.||||| |||| 00| 0 por d | ||
| 040 |
_aBR-BrBNA _bpor |
||
| 072 |
_aN20 ; E20 ; E70 _b4500 |
||
| 100 | _aCosta, Antônio | ||
| 245 |
_aPneu reformado no campo _bTecnologia |
||
| 500 | _a3 illus. | ||
| 650 | _aMÁQUINA AGRÍCOLA | ||
| 650 | _aEQUIPAMENTO AGRÍCOLA | ||
| 650 | _aPNEU REFORMADO | ||
| 650 | _aCUSTO-BENEFÍCIO | ||
| 650 | _aCONTROLE DE QUALIDADE | ||
| 650 | _aSELO DE QUALIDADE | ||
| 773 | 0 |
_04604 _9317187 _dPalmas - Tocantins Terranova Gráfica e Editora Jornalística Ltda 2005 _o2024-3811 _tCerrado Rural Agronegócios (Brazil) _x1980-2595 _gv. 3(16) p. (24;29); (Apr 2006) _wBR2024001991 |
|
| 942 | _cAnalítica | ||
| 999 |
_c300619 _d300619 |
||